MLB Top 100 All-Time: Games - Statistics

General Stats
  • This quiz has been taken 574 times
  • The average score is 60 of 100
Answer Stats
# Player Games % Correct
1 Pete Rose 3,562
93%
10 Cal Ripken Jr. 3,001
90%
59 Babe Ruth 2,503
88%
3 Hank Aaron 3,298
88%
5 Albert Pujols 3,080
87%
T64 Billy Williams 2,488
87%
28 Alex Rodriguez 2,784
86%
16 Brooks Robinson 2,896
86%
24 Frank Robinson 2,808
86%
6 Ty Cobb 3,034
86%
30 Derek Jeter 2,747
85%
9 Willie Mays 3,005
85%
T51 Ivan Rodriguez 2,543
84%
11 Barry Bonds 2,986
83%
25 Miguel Cabrera 2,797
83%
23 Reggie Jackson 2,820
82%
T61 Chipper Jones 2,499
81%
4 Rickey Henderson 3,081
81%
36 Ken Griffey Jr. 2,671
80%
89 Mickey Mantle 2,401
80%
26 Honus Wagner 2,794
79%
T7 Stan Musial 3,026
79%
2 Carl Yastrzemski 3,308
77%
32 George Brett 2,707
76%
49 Ozzie Smith 2,573
75%
T87 Mike Schmidt 2,404
73%
99 Nellie Fox 2,367
73%
27 Tris Speaker 2,789
73%
T7 Eddie Murray 3,026
72%
76 Wade Boggs 2,439
72%
18 Craig Biggio 2,850
71%
T51 Jim Thome 2,543
71%
39 Joe Morgan 2,649
71%
17 Robin Yount 2,856
71%
85 David Ortiz 2,408
70%
35 Paul Molitor 2,683
70%
75 Tony Gwynn 2,440
70%
53 Ernie Banks 2,528
69%
19 Al Kaline 2,834
68%
12 Dave Winfield 2,973
68%
79 Roberto Clemente 2,433
68%
45 Willie McCovey 2,588
67%
100 Willie Stargell 2,360
67%
15 Adrian Beltre 2,933
66%
55 Cap Anson 2,524
66%
T77 Harmon Killebrew 2,435
66%
T87 Sam Rice 2,404
66%
38 Ichiro Suzuki 2,653
65%
44 Luis Gonzalez 2,591
65%
66 Nap Lajoie 2,480
65%
20 Rafael Palmeiro 2,831
65%
91 Eddie Mathews 2,391
64%
T68 Rod Carew 2,469
64%
40 Andre Dawson 2,627
63%
41 Lou Brock 2,616
63%
31 Mel Ott 2,730
63%
29 Tony Perez 2,777
61%
T61 Carlton Fisk 2,499
60%
22 Eddie Collins 2,826
58%
48 Gary Sheffield 2,576
58%
T77 Chili Davis 2,435
57%
T96 George Davis 2,372
57%
80 Willie Davis 2,429
57%
86 Buddy Bell 2,405
56%
50 Paul Waner 2,549
56%
95 Roberto Alomar 2,379
55%
46 Carlos Beltran 2,586
54%
34 Darrell Evans 2,687
54%
70 Dave Parker 2,466
54%
42 Dwight Evans 2,606
54%
21 Harold Baines 2,830
54%
60 Tim Raines 2,502
54%
71 Fred McGriff 2,460
50%
72 Ted Simmons 2,456
49%
13 Omar Vizquel 2,968
48%
43 Luis Aparicio 2,599
46%
T56 Sam Crawford 2,517
46%
54 Julio Franco 2,527
44%
92 Lou Whitaker 2,390
43%
T96 Torii Hunter 2,372
43%
82 Luke Appling 2,422
40%
63 Johnny Damon 2,490
39%
14 Rusty Staub 2,951
38%
98 Al Oliver 2,368
36%
T56 Bill Buckner 2,517
36%
T64 Dave Concepcion 2,488
36%
58 Gary Gaetti 2,507
36%
33 Graig Nettles 2,700
36%
83 Zack Wheat 2,410
33%
81 Bobby Abreu 2,425
31%
T68 Vada Pinson 2,469
31%
47 Steve Finley 2,583
29%
94 Enos Slaughter 2,380
27%
37 Rabbit Maranville 2,670
25%
90 Jake Beckley 2,392
23%
67 Max Carey 2,476
20%
93 Bobby Wallace 2,383
14%
84 Mickey Vernon 2,409
12%
73 Bill Dahlen 2,444
7%
74 Ron Fairly 2,442
6%
No matching quizzes found
Score Distribution
Percent of People with Each Score
Percentile by Number Answered
Your Score History
You have not taken this quiz